000
003470000a22001570004500
040
_a
Hin
365
_b
10/-
650
_a
Gayatri
005
20120302063848.0
942
_c
BOOK
100
_a
Sharma,Shriram
245
_a
Gayatri mahavidnyan (Bhag-3)
250
_a
24th
260
_a
Mathura:Akhanda-Jyoti Prakashan
300
_a
284p..-ill
999
_c
360662
_d
360659